|
|
|
|
| LEADER |
01147nam a2200229 a 4500 |
| 001 |
GR-MES14871 |
| 008 |
070904s2006 gr 000 0 gre d |
| 020 |
|
|
|a 9600220026
|
| 044 |
|
|
|b gr
|
| 082 |
|
0 |
|a 371.9
|2 21
|
| 100 |
1 |
|
|a Αβραμίδης, Ηλίας
|
| 245 |
1 |
0 |
|a Μέθοδοι έρευνας στην ειδική αγωγή :
|b θεωρία και εφαρμογές /
|c Ηλίας Αβραμίδης, Ευφροσύνη Καλύβα ; Εικονογράφηση, Άρης Τσακίρης.
|
| 260 |
|
|
|a Αθήνα :
|b Παπαζήσης,
|c 2006
|
| 300 |
|
|
|a 403 σ. :
|b εικ. ;
|c 21 εκ.
|
| 504 |
|
|
|a Περιλαμβάνει γλωσσάρι.
|
| 650 |
|
4 |
|a Ειδική αγωγή
|x Έρευνα
|x Μεθοδολογία
|
| 650 |
|
4 |
|a ΜΕΘΟΔΟΛΟΓΙΑ ΕΡΕΥΝΑΣ
|
| 700 |
1 |
|
|a Καλύβα, Ευφροσύνη,
|d 1974-
|
| 942 |
|
|
|2 ddc
|
| 952 |
|
|
|0 0
|1 0
|2 ddc
|4 0
|6 371_900000000000000_ΑΒΡ
|7 0
|9 272751
|a MSLG
|b MSLG
|c BSC
|d 2021-01-17
|e 24
|f 0
|g 0.00
|l 0
|o 371.9 ΑΒΡ
|p 2420000023455
|r 2021-01-17 00:00:00
|t 1
|w 2021-01-17
|y BK15
|x 20090306 0 ΤΣΑΝΤΑΡΛΙΩΤΗ 1
|x GrPaTEI
|
| 971 |
|
|
|a .b25809209
|b 16-04-20
|c 13-09-16
|
| 999 |
|
|
|c 157798
|d 157798
|